Statistics for Harry Potter First Names

Click here to take the quiz!

General Stats

  • This quiz has been taken 43 times
  • The average score is 21 of 22

Answer Stats

Last NameFirst Name% Correct
MalfoyDraco
100%
PotterHarry
100%
GrangerHermione
100%
WeaslyRon
100%
SnapeSeverus
100%
RiddleTom
100%
DumbledoreAlbus
97%
ChangCho
97%
UmbridgeDolores
97%
PotterJames
97%
PotterLily
97%
LovegoodLuna
97%
LongbottomNeville
97%
HagridRubeus
97%
BlackSirius
97%
LestrangeBellatrix
94%
WeaslyFred
94%
WeaslyGeorge
94%
McGonagallMinerva
94%
LupinRemus
94%
WeaslyGinny
92%
GrindelwaldGellert
69%

Score Distribution

Percentile by Number Answered

Percent of People with Each Score

Your Score History

You have not taken this quiz